| 000 | 00440nam a22001457a 4500 | ||
|---|---|---|---|
| 008 | 140804b xxu||||| |||| 00| 0 eng d | ||
| 020 | _a972-22-2246-5 | ||
| 080 | _a(031.038) | ||
| 100 | _aEDITORIAL VERBO | ||
| 245 |
_aEnciclopedia verbo luso-brasileira de cultura Vol 28 _cEditorial Verbo |
||
| 260 |
_aLisboa _bEditorial Verbo _c2003 |
||
| 300 |
_a1410p. _b _c _e _f _g |
||
| 650 |
_aSociologia _xCultura _vEnciclopedia |
||
| 942 |
_2udc _cBK |
||
| 999 |
_c29958 _d29958 |
||